000
00282nam a2200121Ia 4500
100
_a
Dearden/John
942
_c
BK
654
_a
Management
245
_a
Computers In Business Management
260
_b
Taraporevala Publshing Industries
_c
2001
300
_a
300
546
_a
ENGLISH
999
_c
32253
_d
32253